000 004420000a22001810004500
003 LK-CoMWRAF
005 20240229092328.0
008 230817t1978 ||||| |||| 00| 0 eng d
040 _aLK-CoMWRAF
_dLK-CoMWRAF
_eLK-CoMWRAF
041 _aeng
082 _a010
_bTHA
100 _aThawfeeq, M.M.
245 _aSir Razik reveals ...
260 _aColombo:
_bAuthor,
_c1978
300 _a40 p.
650 _aPOLITICIANS-Sri Lanka
942 _cBK
999 _c2605
_d2605